Wenecja - quiz wielokrotnego wyboru - Statystyki

Ogólne statystyki
  • Ten quiz został rozwiązany 598 razy
  • Średni wynik to 7 z 10
Statystyki odpowiedzi
Zagadnienie Odpowiedź % Poprawnych
Gdzie leży Wenecja?
91%
Z czego słyną gondolierzy? Ze śpiewu
85%
Kto jest patronem głównej katedry w Wenecji? Święty Marek
84%
Kto uciekł z więzienia Piombi, do którego trafił za przestępstwa przeciwko moralności i religii? Giacomo Casanova
72%
Jaki tytuł nosił przywódca Wenecji przez większość jej historii? Doża
68%
Kto podbił Republikę Wenecką, czyniąc ją niepodległym państwem? Napoleon
58%
Które z tych dzieł literackich rozgrywa się w Wenecji? Otello
56%
Z czego znane są wyspy Murano? Produkcja szkła
54%
Jakie miasto zdobyła Wenecja podczas IV krucjaty? Konstantynopol
52%
Wenecja podzielona jest na sześć dzielnic, znanych jako ... Sestieri
35%
Nie znaleziono quizów pasujących do podanych kryteriów
Rozkład punktacji
Procent ludzi z każdym wynikiem
Percentyl według liczby udzielonych odpowiedzi
Twoja historia wyników
Nie rozwiązałeś tego quizu